100 najczęstszych słów w języku polskim - Statystyki

Ogólne statystyki
  • Ten quiz został rozwiązany 6 868 razy
  • Średni wynik to 23 z 100
Statystyki odpowiedzi
Słowo % Poprawnych
o
90%
a
87%
w
87%
i
84%
po
79%
z
79%
ja
77%
nie
71%
tak
70%
na
64%
ty
64%
on
63%
do
57%
co
56%
ona
56%
jak
47%
u
47%
pod
46%
za
46%
bo
42%
gdzie
40%
to
39%
nad
38%
kto
37%
no
37%
kiedy
36%
dla
35%
ale
33%
by
31%
że
31%
ze
31%
czy
30%
od
30%
tam
30%
przed
27%
się
27%
dlaczego
25%
tu
24%
gdy
21%
może
20%
być
18%
albo
17%
raz
17%
go
15%
przy
15%
ten
15%
jeden
12%
jej
12%
który
12%
więc
12%
już
11%
jego
10%
aby
9%
nic
9%
teraz
9%
8%
chyba
8%
czym
8%
dobrze
8%
ich
8%
lecz
8%
coś
7%
czas
7%
nigdy
7%
pan
7%
potem
7%
przez
7%
tego
7%
też
7%
żeby
7%
jakby
6%
nim
6%
sam
6%
ani
5%
bez
5%
gdyby
5%
tylko
5%
wtedy
5%
zawsze
5%
bardzo
4%
jako
4%
jednak
4%
jeśli
4%
jeszcze
4%
razem
4%
sobie
4%
wszystko
3%
drzwi
2%
miał
2%
nawet
2%
niż
2%
oczy
2%
przecież
2%
siebie
2%
były
1%
kilka
1%
nagle
1%
sposób
1%
właśnie
1%
wszyscy
1%
Nie znaleziono quizów pasujących do podanych kryteriów
Rozkład punktacji
Procent ludzi z każdym wynikiem
Percentyl według liczby udzielonych odpowiedzi
Twoja historia wyników
Nie rozwiązałeś tego quizu